Private army / (Record no. 551521)
[ view plain ]
| 000 -LEADER | |
|---|---|
| fixed length control field | 01137pam a2200277 a 4500 |
| 020 ## - INTERNATIONAL STANDARD BOOK NUMBER | |
| International Standard Book Number | 0304361437 |
| 082 00 - DEWEY DECIMAL CLASSIFICATION NUMBER | |
| Classification number | 350.02 |
| Author Mark | PEW |
| -- | L-30, P-149 |
| 100 1# - MAIN ENTRY--PERSONAL NAME | |
| Personal name | Peniakoff, Vladimir, |
| 9 (RLIN) | 48659 |
| 245 10 - TITLE STATEMENT | |
| Title | Private army / |
| Statement of responsibility, etc. | Vladimir Peniakoff ; with a new foreword by John Campbell. |
| 250 ## - EDITION STATEMENT | |
| Edition statement | Cassell military paperbacks ed. |
| 260 ## - PUBLICATION, DISTRIBUTION, ETC. | |
| Place of publication, distribution, etc. | London : |
| Name of publisher, distributor, etc. | Jonathan cape thirty bedford square |
| 300 ## - PHYSICAL DESCRIPTION | |
| Extent | 512 p. |
| Other physical details | ill. |
| 500 ## - GENERAL NOTE | |
| General note | Originally published: London : Cape, 1950, under the title: Private army. |
| 526 ## - STUDY PROGRAM INFORMATION NOTE | |
| Program name | 0 |
| Interest level | 0 |
| Reading level | 0 |
| Title point value | 350_020000000000000_PEW |
| 526 ## - STUDY PROGRAM INFORMATION NOTE | |
| Program name | 0 |
| Interest level | 0 |
| Reading level | 0 |
| Title point value | 350_020000000000000_PEW |
| 526 ## - STUDY PROGRAM INFORMATION NOTE | |
| Program name | 0 |
| Interest level | 0 |
| Reading level | 0 |
| Title point value | 350_020000000000000_PEW |
| 526 ## - STUDY PROGRAM INFORMATION NOTE | |
| Program name | 0 |
| Interest level | 0 |
| Reading level | 0 |
| Title point value | 350_020000000000000_PEW |
| 650 #0 - SUBJECT ADDED ENTRY--TOPICAL TERM | |
| Topical term or geographic name entry element | MCE |
| 9 (RLIN) | 379 |
| 650 #0 - SUBJECT ADDED ENTRY--TOPICAL TERM | |
| Topical term or geographic name entry element | World War, 1939-1945 |
| 9 (RLIN) | 28174 |
| 650 #0 - SUBJECT ADDED ENTRY--TOPICAL TERM | |
| Topical term or geographic name entry element | World War, 1939-1945 |
| General subdivision | Campaigns |
| Geographic subdivision | Africa, North. |
| 9 (RLIN) | 37824 |
| 650 #0 - SUBJECT ADDED ENTRY--TOPICAL TERM | |
| Topical term or geographic name entry element | World War, 1939-1945 |
| General subdivision | Campaigns |
| Geographic subdivision | Italy. |
| 9 (RLIN) | 12837 |
| 650 #0 - SUBJECT ADDED ENTRY--TOPICAL TERM | |
| Topical term or geographic name entry element | World War, 1939-1945 |
| General subdivision | Secret service |
| Geographic subdivision | Africa, North. |
| 9 (RLIN) | 48660 |
| 856 42 - ELECTRONIC LOCATION AND ACCESS | |
| Uniform Resource Identifier | <a href="http://www.loc.gov/catdir/bios/orion051/2004445669.html">http://www.loc.gov/catdir/bios/orion051/2004445669.html</a> |
| 856 42 - ELECTRONIC LOCATION AND ACCESS | |
| Uniform Resource Identifier | <a href="http://www.loc.gov/catdir/description/ste051/2004445669.html">http://www.loc.gov/catdir/description/ste051/2004445669.html</a> |
| 942 ## - ADDED ENTRY ELEMENTS (KOHA) | |
| Source of classification or shelving scheme | |
| Koha item type | Book |
| Withdrawn status | Lost status | Source of classification or shelving scheme | Damaged status | Not for loan | Permanent Location | Current Location | Date acquired | Total Checkouts | Full call number | Barcode | Date last seen | Price effective from | Koha item type |
|---|---|---|---|---|---|---|---|---|---|---|---|---|---|
| Military College of Engineering (MCE) | Military College of Engineering (MCE) | 12/17/2014 | 350.02 PEW | MCE-5154 | 12/17/2014 | 12/17/2014 | Book | ||||||
| Military College of Engineering (MCE) | Military College of Engineering (MCE) | 12/17/2014 | 350.02 PEW | MCE-5157 | 12/17/2014 | 12/17/2014 | Book | ||||||
| Military College of Engineering (MCE) | Military College of Engineering (MCE) | 12/17/2014 | 350.02 PEW | MCE-5155 | 12/17/2014 | 12/17/2014 | Book | ||||||
| Military College of Engineering (MCE) | Military College of Engineering (MCE) | 12/17/2014 | 350.02 PEW | MCE-5156 | 12/17/2014 | 12/17/2014 | Book |
